| 000 | 00967nam a22002537a 4500 | ||
|---|---|---|---|
| 003 | EG-ScBUE | ||
| 005 | 20221026101559.0 | ||
| 008 | 141204s2013 ua fo f b 000 0 eng d | ||
| 017 | _a2013 / 1688 | ||
| 020 | _a9789774481703 | ||
| 040 |
_aEG-ScBUE _bara _erda _cEG-ScBUE _dEG-ScBUE |
||
| 082 | 0 | 4 |
_222 _a709.0214 _bع ك ا |
| 100 | 1 |
_aعكاشة، ثروت محمود، _d1921-2012, _eمؤلف. _936810 |
|
| 245 | 1 | 2 |
_aالفن الإغريقي / _cالدكتور ثروت عكاشة. |
| 250 | _aالطبعة الثانية. | ||
| 264 | 1 |
_aالقاهرة : _bالهيئة المصرية العامة للكتاب، _c2013. |
|
| 300 |
_a785 صفحة : _bصور، لوحات ؛ _c28 سم |
||
| 504 | _aيشتمل على إرجاعات ببليوجرافية. | ||
| 650 | 7 |
_2BUEsh _aالفن البيزنطي. _916832 |
|
| 650 | 7 |
_2BUEsh _aالفن الإغريقي. |
|
| 653 |
_bARALIT _cDecember2014 |
||
| 655 | _vReading book | ||
| 942 |
_2ddc _k709.0214 ع ك ا |
||
| 999 |
_c18725 _d18697 |
||